Strzelcy bramek w finałach ligi mistrzów od 2005 - Statystyki

Ogólne statystyki
  • Ten quiz został rozwiązany 209 razy
    176 od ostatniego zresetowania
  • Średni wynik to 25 z 51
Statystyki odpowiedzi
Hint Odpowiedź % Poprawnych
2021 Havertz
69%
2020 Coman
67%
2019 Salah
66%
2005 Maldini
63%
2017 Ronaldo
63%
Bale
62%
2018 Benzema
62%
Origi
62%
Bale
60%
Mane
60%
Neymar
60%
Ramos
60%
Bale
59%
Ronaldo
59%
Mandzukic
57%
2015 Rakitic
56%
Suarez
56%
Crespo
55%
Ronaldo
55%
2016 Ramos
54%
Robben
53%
Drogba
52%
2014 Godin
50%
Morata
50%
Casemiro
49%
Marcelo
49%
2008 Ronaldo
48%
Alonso
47%
Asensio
47%
Crespo
47%
Messi
47%
Messi
47%
Gundogan
46%
2012 Muller
44%
2010 Milito
41%
Lampard
40%
2013 Mandzukic
40%
Milito
40%
Gerard
39%
Rooney
39%
Villa
39%
Smicer
37%
2007 Inzaghi
36%
Inzaghi
35%
2011 Pedro
35%
2009 Etoo
33%
Carasco
32%
Etoo
31%
Kuyt
30%
2006 Campbell
29%
Beletti
24%
Nie znaleziono quizów pasujących do podanych kryteriów
Rozkład punktacji
Procent ludzi z każdym wynikiem
Percentyl według liczby udzielonych odpowiedzi
Twoja historia wyników
Nie rozwiązałeś tego quizu od ostatniego zresetowania